000 01346cam a22003497a 4500
003 CHAP
005 20220817043232.0
008 971013s1986 r 00010 d
010 _a69192
011 _a70164
035 _a79644
040 _cCHAP
090 _aTesis
100 0 0 _aGamboa Gamboa, Alvaro Artemio.
_944569
245 0 _aAnálisis de la iniciativa de inversión para el establecimiento de una planta de alimento concentrado para ganado bovino lechero en la región de Delicias, Chihuahua
260 _aChihuahua, Chih. :
_bEl autor,
_c1986
300 _a50 h.
502 _aTesis (Ing. Agrónomo) -- UACH. Departamento de Zonas Aridas
590 _aALEPH
_b10
_c20130110
_lUCH01
_h1407
590 _aBATCH-UPD
_b10
_c20130110
_lUCH01
_h0751
590 _aBATCH-UPD
_b10
_c20130410
_lUCH01
_h0431
590 _aBATCH-UPD
_b10
_c20130914
_lUCH01
_h1454
590 _aCONVERSION
_b10
_c20130109
_lUCH01
_h1338
650 1 4 _aAlimentos y alimentacion del ganado
_xIndustria.
_94337
650 1 4 _aGanado lechero
_xAlimentación.
_945238
650 1 4 _aProyectos industriales.
_992531
710 0 _aUACH. Departamento de Zonas Aridas.
790 _aOperatividad del crédito y seguro agrícola en el desarrollo agropecuario del estado de Chihuahua
901 _aBK
942 _cTESIS
949 _bBC
_cTES
_d-32533
_eTS1
_h22282
_i79644
_si
999 _c69192
_d69192